01338nam a2200349 a 4500001001200000003000800012006001900020007001500039008004100054010001700095020001500112020002600127020001800153020002700171040002100198035002100219050002400240082001400264100001700278245014200295260005400437300003000491504005100521533015200572650002300724650001600747650003300763650002000796655002900816710001700845856012600862ebr10480053CaPaEBRm u cr cn|||||||||060221s2005 enkac sb 001 0 eng d z 2006295466 z0745323901 z074532391X (hardback) z9780745323916 z9781849642781 (e-book) aCaPaEBRcCaPaEBR a(OCoLC)66693526014aHB97.7b.W35 2005eb04a330.12221 aWall, Derek.10aBabylon and beyondh[electronic resource] :bthe economics of anti-capitalist, anti-globalist, and radical green movements /cDerek Wall. aLondon ;aAnn Arbor, Mich. :bPluto Press,c2005. axv, 220 p. :bill., port. aIncludes bibliographical references and index. aElectronic reproduction.bPalo Alto, Calif. :cebrary,d2013.nAvailable via World Wide Web.nAccess may be limited to ebrary affiliated libraries. 0aRadical economics. 0aCapitalism. 0aAnti-globalization movement. 0aGreen movement. 7aElectronic books.2local2 aebrary, Inc.40uhttp://site.ebrary.com/lib/rucke/Doc?id=10480053zAn electronic book accessible through the World Wide Web; click to view